The legal system of Bangladesh : a comparative study of problems and procedure in legal institutions /

Xehetasun bibliografikoak
Egile nagusia: Hālima, Moḥ. Ābdula, LL. B.
Formatua: Liburua
Hizkuntza:English
Argitaratua: Dhaka : Md. Yousuf Ali Khan, 2004.
Gaiak:
Classic Catalogue: View this record in Classic Catalogue
LEADER 01427nam a2200241 a 4500
001 14020968
008 091022s2004 bg bl 001 0 eng d
010 |a \\\2005310521 
020 |a 984321148X 
040 |a DLC  |c DLC  |d DLC 
082 0 0 |a 347.5492  |2 22 
100 1 |a Hālima, Moḥ. Ābdula,  |c LL. B. 
245 1 4 |a The legal system of Bangladesh :  |b a comparative study of problems and procedure in legal institutions /  |c Md. Abdul Halim. 
260 |a Dhaka :  |b Md. Yousuf Ali Khan,  |c 2004. 
300 |a xxx, 315 p. ;  |c 23 cm. 
504 |a Includes bibliographical references (p. [309]-312) and indexes. 
541 1 |e 00010144 
650 0 |a Justice, Administration of  |z Bangladesh. 
852 4 |a Ayesha Abed Library  |j General shelf 
999 |c 4803  |d 4803 
952 |0 0  |1 0  |2 ddc  |4 0  |6 347_549200000000000_HAL_2004  |7 0  |9 4613  |a BRACUL  |b BRACUL  |c GEN  |d 2009-10-24  |g 0.00  |l 15  |m 149  |o 347.5492 HAL  |p 3010010144  |r 2026-01-29  |s 2026-01-03  |t 3  |w 2009-10-24  |y BK  |x No price found in the accession register. 
952 |0 0  |1 0  |2 ddc  |4 0  |6 347_549200000000000_HAL_2004  |7 0  |9 4614  |a BRACUL  |b BRACUL  |c GEN  |d 2009-10-24  |g 0.00  |l 5  |m 69  |o 347.5492 HAL  |p 3010010142  |q 2026-06-02  |r 2026-02-18  |s 2026-02-18  |t 2  |w 2009-10-24  |y BK  |x No price found in the accession register. 
952 |0 0  |1 0  |2 ddc  |4 0  |6 347_549200000000000_HAL_2004  |7 0  |9 5296  |a BRACUL  |b BRACUL  |c GEN  |d 2009-11-11  |g 0.00  |l 6  |m 27  |o 347.5492 HAL  |p 3010010145  |r 2025-06-29  |s 2025-02-18  |t 1  |w 2009-11-11  |y BK  |x No price found in the accession register.